000 00587nam a22002297a 4500
003 UA-OsUOA
001 96989
007 ta
008 20130325b un ||||| |||| 00| 0 ukr d
100 _aМейнк В.
090 _a821.182.2
_bМ41
942 _cBK
040 _aUA-OsUOA
_bukr
_cUA-OsUOA
_dUA-OsUOA
245 _aГроза над Гамбургом
300 _a181 с.
955 _a3
041 _aukr
080 _a821.182.2
260 _aК.
_bДитвидав
_c1958
650 7 _a82 Література. Літературознавство
_2UDC
999 _c383240
_d383240